Inclusion in the early years

Saved in:
Bibliografiske detaljer
Hovedforfatter: NUTBROWN, Cathy
Format: Bog
Sprog:engelsk
Udgivet: Sage Publications 2013
Tags: Tilføj Tag
Ingen Tags, Vær først til at tagge denne postø!

MARC

LEADER 00000nam a22000007a 4500
008 201210b ||||| |||| 00| 0 eng d
020 |a 978-1-4462-0323-1 
100 |a NUTBROWN, Cathy. 
245 |a Inclusion in the early years  |c Cathy Nutbrown, Peter Clough with Frances Atherton  |g ix, 190p.; ill.  
250 |b 2nd ed 
260 |b Sage Publications  |c 2013  |h Los Angeles  |i 692255   |i 692256  |l LC1392 .N95  |m Inclusive education.  |m Early childhood education. 
500 |a “It includes bibliographical references and index”. 
942 |a lcc  |c BK  |e Adeniran, F. A  |f 10/12/2020 
952 |0 0  |1 0  |2 lcc  |4 0  |6 LC1392 N95  |7 0  |9 2230  |a HOL  |b ED  |c LP  |d 2021-04-20  |l 0  |o LC1392 .N95  |p 2021-6084  |r 2021-04-20 00:00:00  |w 2021-04-20  |y BK 
952 |0 0  |1 0  |2 lcc  |4 0  |6 LC1392 N95  |7 0  |9 2231  |a HOL  |b HOL  |c LP  |d 2021-04-20  |l 0  |o LC1392 .N95  |p 2021-6085  |r 2021-04-20 00:00:00  |w 2021-04-20  |y BK 
999 |c 179  |d 179